[Event "Challenge"]
[Site "http://www.queenalice.com/game.php?id=1449928"]
[Date "2016.11.13"]
[Round "-"]
[White "zugzwangkid"]
[Black "kilmison"]
[Result "1-0"]
[WhiteElo "1500"]
[BlackElo "2102"]

1. d4 d5 2. c4 c6 3. Nc3 Nf6 4. Nf3 Bf5 5. Qb3 Qd7 6. cxd5 cxd5 7. Ne5 Qd8 8.
Qxb7 Nbd7 9. Nb5 Rc8 10. Nc6 Nc5 11. dxc5 Rxc6 12. Qxc6+ Qd7 13. Qa8+ 1-0

[Event "Challenge"]
[Site "http://www.queenalice.com/game.php?id=1449932"]
[Date "2016.11.13"]
[Round "-"]
[White "zugzwangkid"]
[Black "Marcelo_Bruno"]
[Result "1-0"]
[WhiteElo "2200"]
[BlackElo "2058"]

1. d4 d5 2. c4 e6 3. Nc3 Nf6 4. Bg5 Be7 5. Nf3 Nbd7 6. e3 O-O 7. Bd3 h6 8. Bh4
c6 9. O-O dxc4 10. Bxc4 b5 11. Be2 Bb7 12. a3 a5 13. Ne5 Nxe5 14. dxe5 Nd5 15.
Bxe7 Qxe7 16. Ne4 Rfd8 17. Qc2 Rac8 18. Rfd1 f6 19. exf6 Nxf6 20. Qc5 Rxd1+ 21.
Rxd1 Qxc5 22. Nxc5 Rc7 23. Nxe6 Re7 24. Nd4 a4 25. Rc1 Rc7 26. Bxb5 Kh8 27. Bxa4
c5 28. Ne6 Rc8 29. Rxc5 Rxc5 30. Nxc5 Bd5 31. f3 Ng8 32. b4 Ne7 33. e4 Bc4 34.
Bd7 Ng6 35. b5 Ne5 36. b6 Nxd7 37. Nxd7 Ba6 38. Nc5 Bc8 39. b7 1-0

[Event "Challenge"]
[Site "http://www.queenalice.com/game.php?id=1449933"]
[Date "2016.11.13"]
[Round "-"]
[White "zugzwangkid"]
[Black "frankcasadio"]
[Result "1-0"]
[WhiteElo "1916"]
[BlackElo "2115"]

1. d4 d5 2. c4 Nf6 3. Nc3 Bg4 4. Qb3 b6 5. cxd5 Nxd5 6. Qxd5 Qxd5 7. Nxd5 Kd7 8.
Bf4 e5 9. dxe5 Nc6 10. f3 Bh5 11. O-O-O Kc8 12. h4 f5 13. e4 fxe4 14. Ba6+ Kb8
15. Nxc7 Bc5 16. Rd7 Nb4 17. e6 Nxa6 18. Nxa6+ Kc8 19. Rc7+ Kd8 20. g4 Bg6 21.
h5 Bxh5 22. Rd7+ Kc8 23. Nxc5 bxc5 24. Rxh5 1-0

[Event "Challenge"]
[Site "http://www.queenalice.com/game.php?id=1449934"]
[Date "2016.11.13"]
[Round "-"]
[White "zugzwangkid"]
[Black "frankcasadio"]
[Result "1-0"]
[WhiteElo "1963"]
[BlackElo "2096"]

1. d4 d5 2. c4 Nf6 3. Nc3 Bg4 4. Qb3 b6 5. cxd5 Nxd5 6. Qxd5 Qxd5 7. Nxd5 Kd7 8.
Bf4 e5 9. dxe5 Nc6 10. f3 Bh5 11. O-O-O Kc8 12. h4 f5 13. e4 fxe4 14. Ba6+ Kb8
15. Nxc7 Kxc7 16. e6+ Ne5 17. Rd7+ Kc6 18. Bxe5 Re8 19. Bb7+ Kb5 20. g4 Bxg4 21.
fxg4 Rxe6 22. Rd5+ Bc5 23. Ne2 Rhe8 24. Nc3+ Kb4 25. Kc2 Kc4 26. a3 Bxa3 27. b3+
Kb4 28. Rb5# 1-0

[Event "Challenge"]
[Site "http://www.queenalice.com/game.php?id=1449935"]
[Date "2016.11.13"]
[Round "-"]
[White "zugzwangkid"]
[Black "Esvir"]
[Result "1-0"]
[WhiteElo "2145"]
[BlackElo "1989"]

1. d4 d5 2. c4 dxc4 3. e3 b5 4. a4 c6 5. axb5 cxb5 6. Qf3 Nc6 7. Qxc6+ Bd7 8.
Qa6 e6 9. Nf3 Bb4+ 10. Bd2 Bxd2+ 11. Nbxd2 Nf6 12. Be2 O-O 13. O-O Nd5 14. Ne4
Nb6 15. Nc5 Bc6 16. Ne5 Bd5 17. Qxb5 f6 18. Nxc4 Rb8 19. Na5 Nd7 20. Qxd7 Rxb2
21. Bb5 1-0

[Event "Challenge"]
[Site "http://www.queenalice.com/game.php?id=1449938"]
[Date "2016.11.13"]
[Round "-"]
[White "zugzwangkid"]
[Black "MSchatz"]
[Result "0-1"]
[WhiteElo "1500"]
[BlackElo "2123"]

1. d4 d5 2. c4 e6 3. Nc3 Nf6 4. Nf3 Bd6 5. Bg5 Be7 6. e3 O-O 7. Rc1 h6 8. Bf4 b6
9. Bd3 Bb7 10. O-O Nbd7 11. Nb5 Ne8 0-1

[Event "Challenge"]
[Site "http://www.queenalice.com/game.php?id=1449939"]
[Date "2016.11.13"]
[Round "-"]
[White "zugzwangkid"]
[Black "pizzaiolo72"]
[Result "1-0"]
[WhiteElo "1500"]
[BlackElo "2043"]

1. d4 Nf6 2. c4 c5 3. d5 b5 4. cxb5 a6 5. b6 Qxb6 6. Nc3 e6 7. e4 exd5 8. exd5
d6 9. Nf3 Be7 10. Nd2 O-O 11. Nc4 Qc7 12. Bd3 Bb7 13. O-O Nxd5 14. Bxh7+ Kxh7
15. Nxd5 Bxd5 16. Qxd5 Nd7 17. Qe4+ g6 18. Qxe7 Rae8 19. Qh4+ Kg7 20. Bh6+ Kg8
21. Bxf8 Nxf8 22. Rad1 Re6 23. Qg3 1-0

[Event "Challenge"]
[Site "http://www.queenalice.com/game.php?id=1449940"]
[Date "2016.11.13"]
[Round "-"]
[White "zugzwangkid"]
[Black "Aspayne"]
[Result "1-0"]
[WhiteElo "1500"]
[BlackElo "2102"]

1. d4 Nf6 2. c4 e5 3. e3 exd4 4. exd4 Bb4+ 5. Nc3 Bxc3+ 6. bxc3 O-O 7. Bd3 d6 8.
Nf3 Bg4 9. O-O Nbd7 10. h3 Bxf3 11. Qxf3 c6 12. Rb1 Qc7 13. Bf4 Rae8 14. c5 1-0

[Event "Challenge"]
[Site "http://www.queenalice.com/game.php?id=1449941"]
[Date "2016.11.13"]
[Round "-"]
[White "zugzwangkid"]
[Black "uschmidi"]
[Result "1-0"]
[WhiteElo "2151"]
[BlackElo "2065"]

1. d4 d5 2. c4 e6 3. Nc3 c6 4. Nf3 Nf6 5. Bg5 Be7 6. e3 O-O 7. Qc2 h6 8. Bh4
Nbd7 9. Bd3 dxc4 10. Bxc4 Nd5 11. Bg3 N7b6 12. Be2 Bd7 13. Ne4 Bb4+ 14. Kf1 f5
15. Nc5 Bxc5 16. dxc5 Nc8 17. Be5 Qa5 18. a3 Nce7 19. h4 Ng6 20. Bd6 Rfe8 21.
Rh3 Qd8 22. h5 Nge7 23. Rd1 Nf6 24. Ne5 Ne4 25. Bf3 Nxd6 26. Rxd6 Qc7 27. Nxd7
Nd5 28. e4 Nf4 29. Rg3 Re7 30. Qd2 e5 31. exf5 Kh8 32. Nxe5 Rxe5 33. Qxf4 Rae8
34. Rxh6+ gxh6 35. Qxh6+ Qh7 36. Qf6+ 1-0

[Event "Challenge"]
[Site "http://www.queenalice.com/game.php?id=1449943"]
[Date "2016.11.13"]
[Round "-"]
[White "zugzwangkid"]
[Black "Greeley"]
[Result "1-0"]
[WhiteElo "2160"]
[BlackElo "2046"]

1. d4 Nf6 2. c4 g6 3. Nc3 d5 4. cxd5 Nxd5 5. e4 Nxc3 6. bxc3 Bg7 7. Nf3 c5 8.
Be3 Nc6 9. Rc1 Qa5 10. d5 Bxc3+ 11. Rxc3 Qxc3+ 12. Bd2 Qf6 13. dxc6 Qxc6 14. Be2
O-O 15. Bh6 Re8 16. Ng5 Be6 17. O-O Rac8 18. h3 b5 19. Qa1 f6 20. Nxe6 Qxe6 21.
Bxb5 Red8 22. e5 Qf5 23. Bc4+ Kh8 24. exf6 exf6 25. Qc3 Rb8 26. g4 Qe5 27. Qxe5
fxe5 28. Bg5 Rd4 29. Bf6# 1-0

[Event "Challenge"]
[Site "http://www.queenalice.com/game.php?id=1449945"]
[Date "2016.11.13"]
[Round "-"]
[White "zugzwangkid"]
[Black "Mannu"]
[Result "1-0"]
[WhiteElo "1845"]
[BlackElo "2069"]

1. d4 d5 2. c4 Nf6 3. cxd5 Nxd5 4. e4 Nf6 5. Nc3 e6 6. Nf3 Bb4 7. Qc2 O-O 8. Bg5
h6 9. Bh4 g5 10. Bg3 g4 11. Nd2 Nc6 12. e5 Nxd4 13. Qd1 Nh7 14. Qxg4+ Kh8 15.
O-O-O Nf5 16. Qxb4 a5 17. Qf4 Bd7 18. Nb3 Qe7 19. Nd4 Nxd4 20. Rxd4 c5 21. Rd6
1-0

[Event "Challenge"]
[Site "http://www.queenalice.com/game.php?id=1449947"]
[Date "2016.11.13"]
[Round "-"]
[White "zugzwangkid"]
[Black "axedre"]
[Result "1-0"]
[WhiteElo "2218"]
[BlackElo "2019"]

1. d4 f5 2. Bg5 Nf6 3. Bxf6 exf6 4. e3 d5 5. c4 Bb4+ 6. Nc3 c6 7. Qa4 Qa5 8.
Qxa5 Bxa5 9. cxd5 cxd5 10. Ne2 Nd7 11. a3 Bxc3+ 12. Nxc3 Nb6 13. b3 O-O 14. Bd3
Be6 15. Nb5 Rfc8 16. Kd2 a6 17. Nd6 Rc7 18. Rac1 Rxc1 19. Rxc1 g6 20. Nxb7 a5
21. Rc6 1-0

[Event "Challenge"]
[Site "http://www.queenalice.com/game.php?id=1449950"]
[Date "2016.11.13"]
[Round "-"]
[White "zugzwangkid"]
[Black "Donyelko"]
[Result "1-0"]
[WhiteElo "1870"]
[BlackElo "2118"]

1. d4 d5 2. c4 e6 3. Nc3 Nf6 4. Nf3 Nc6 5. Bg5 Be7 6. e3 h6 7. Bf4 Nh5 8. Bg3
Nxg3 9. hxg3 dxc4 10. Bxc4 O-O 11. a3 a6 12. Qc2 b5 13. Bd3 f5 14. Ne2 Bb7 15.
Nf4 e5 16. dxe5 Bc8 17. Qxc6 Ra7 18. Rxh6 gxh6 19. Qg6+ Kh8 20. Qxh6+ Kg8 21.
Qg6+ Kh8 22. O-O-O Bh4 23. Rh1 c5 24. Rxh4+ Qxh4 25. Nxh4 Rg7 26. Qh6+ Kg8 27.
Nhg6 Kf7 28. Nxf8 Kxf8 29. Nh5 1-0

[Event "Challenge"]
[Site "http://www.queenalice.com/game.php?id=1449951"]
[Date "2016.11.13"]
[Round "-"]
[White "zugzwangkid"]
[Black "Geison"]
[Result "1-0"]
[WhiteElo "2262"]
[BlackElo "2074"]

1. d4 Nf6 2. c4 d5 3. cxd5 Nxd5 4. e4 Nb4 5. Qa4+ N4c6 6. d5 b5 7. Bxb5 e6 8.
dxc6 Bc5 9. Nf3 Qd6 10. O-O a6 11. e5 Qd5 12. Nc3 Qd8 13. Rd1 Qe7 14. Bg5 f6 15.
Bh4 g5 16. exf6 Qxf6 17. Bxg5 Qf5 18. Rd8+ Kf7 19. Rxh8 Kg7 20. Rxc8 e5 21.
Rxc7+ Kg6 22. Bd3 Qxd3 23. Nxe5+ Kxg5 24. Qg4+ Kf6 25. Rf7+ Kxe5 26. Qf4+ 1-0

[Event "Challenge"]
[Site "http://www.queenalice.com/game.php?id=1449953"]
[Date "2016.11.13"]
[Round "-"]
[White "zugzwangkid"]
[Black "Nahid"]
[Result "1-0"]
[WhiteElo "1590"]
[BlackElo "2004"]

1. d4 d5 2. c4 e6 3. Nf3 c5 4. cxd5 cxd4 5. dxe6 Bb4+ 6. Nc3 dxc3 7. exf7+ Ke7
8. Qb3 Qa5 9. fxg8=N+ Rxg8 10. Bg5+ Kf8 11. O-O-O cxb2+ 12. Kxb2 Nd7 13. Rd4 Bc5
14. Rf4+ Nf6 15. e4 Bd6 16. Bc4 Bxf4 17. Bxf4 Qb6 18. Qxb6 axb6 19. Bd6+ Ke8 20.
e5 Rh8 21. exf6 gxf6 22. Re1+ Kd7 23. Be7 h5 24. Bb5+ Kc7 25. Rc1+ Kb8 26. Bd6+
Ka7 27. Rc3 1-0

[Event "Challenge"]
[Site "http://www.queenalice.com/game.php?id=1449955"]
[Date "2016.11.13"]
[Round "-"]
[White "zugzwangkid"]
[Black "Andrez"]
[Result "1-0"]
[WhiteElo "2124"]
[BlackElo "2053"]

1. d4 f5 2. Bg5 g6 3. e3 Bg7 4. Nc3 Nf6 5. Nf3 d6 6. Bc4 a6 7. a4 Nc6 8. O-O e6
9. d5 Na5 10. Ba2 e5 11. b4 Qd7 12. bxa5 O-O 13. e4 f4 14. Nd2 Ng4 15. h3 Nf6
16. Rb1 Ne8 17. Bh4 h6 18. f3 g5 19. Be1 Nf6 20. Nc4 Qe8 21. Qd3 Qh5 22. Nxe5
dxe5 23. d6+ Kh8 24. dxc7 Bd7 25. Nd5 Bc6 26. Bb4 Rfe8 27. Nb6 Kh7 28. Nxa8 Rxa8
29. Qd8 Qe8 30. Be7 Ng8 31. Qxe8 Rxe8 32. Bd8 Bd7 33. Rxb7 Bf6 34. c8=Q Rxd8 35.
Rxd7+ 1-0

[Event "Challenge"]
[Site "http://www.queenalice.com/game.php?id=1449959"]
[Date "2016.11.13"]
[Round "-"]
[White "zugzwangkid"]
[Black "rockaudrey"]
[Result "1-0"]
[WhiteElo "2187"]
[BlackElo "1991"]

1. d4 d5 2. c4 c6 3. Nc3 Nf6 4. Nf3 e6 5. Bg5 Be7 6. e3 O-O 7. Qc2 Nbd7 8. cxd5
cxd5 9. Bd3 Re8 10. Nb5 Qa5+ 11. Kf1 Bd8 12. Nd6 Bc7 13. Nxe8 Nxe8 14. Bxh7+ Kf8
15. h4 Ndf6 16. h5 Qb5+ 17. Bd3 Qc6 18. Qe2 Ng4 19. h6 Nxh6 20. Bxh6 gxh6 21.
Rxh6 Ke7 22. Ng5 Nf6 23. Rxf6 Kxf6 24. Qf3+ Kxg5 25. Qxf7 Qd7 26. Qg6+ Kh4 27.
Be2 e5 28. Qh6# 1-0

[Event "Challenge"]
[Site "http://www.queenalice.com/game.php?id=1449961"]
[Date "2016.11.13"]
[Round "-"]
[White "zugzwangkid"]
[Black "christian_labat"]
[Result "1-0"]
[WhiteElo "1500"]
[BlackElo "2000"]

1. d4 g6 2. c4 Nf6 3. Nc3 d6 4. e4 Bg7 5. Nf3 e5 6. dxe5 Ng4 7. Bg5 Qd7 8. exd6
Bxc3+ 9. bxc3 cxd6 10. h3 f6 11. Bh4 g5 12. hxg4 gxh4 13. Nxh4 Qxg4 14. Qxd6
Qxe4+ 15. Kd2 Kf7 16. Re1 Qc6 17. Re7+ Kg8 18. Qd8+ Qe8 19. Qxe8# 1-0

[Event "Challenge"]
[Site "http://www.queenalice.com/game.php?id=1449962"]
[Date "2016.11.13"]
[Round "-"]
[White "zugzwangkid"]
[Black "steinie"]
[Result "1-0"]
[WhiteElo "1984"]
[BlackElo "1971"]

1. d4 d5 2. c4 Nf6 3. cxd5 Nxd5 4. e4 Nf6 5. Nc3 Nc6 6. Bb5 Bd7 7. Nf3 a6 8.
Bxc6 Bxc6 9. d5 Bd7 10. e5 Ng8 11. Ng5 f6 12. Nge4 1-0

[Event "Challenge"]
[Site "http://www.queenalice.com/game.php?id=1453141"]
[Date "2016.12.3"]
[Round "-"]
[White "zugzwangkid"]
[Black "forever"]
[Result "1-0"]
[WhiteElo "1500"]
[BlackElo "2012"]

1. d4 Nf6 2. c4 c6 3. Nc3 e6 4. e4 Bb4 5. Bd3 d5 6. cxd5 Nxe4 7. Bxe4 Qa5 8.
dxe6 Bxc3+ 9. bxc3 Qxc3+ 10. Bd2 Qxd4 11. exf7+ 1-0

[Event "Challenge"]
[Site "http://www.queenalice.com/game.php?id=1453290"]
[Date "2016.12.4"]
[Round "-"]
[White "zugzwangkid"]
[Black "fortunato"]
[Result "1-0"]
[WhiteElo "2107"]
[BlackElo "2263"]

1. d4 d5 2. c4 e6 3. Nc3 Nf6 4. Bg5 Be7 5. e3 O-O 6. Rc1 h6 7. Bh4 Nc6 8. Nf3
Ne4 9. Bxe7 Qxe7 10. cxd5 Nxc3 11. Rxc3 exd5 12. Qb3 Qd6 13. Bd3 Nb4 14. Bb1 a5
15. Ne5 f6 16. Ng6 Re8 17. O-O Bd7 18. a3 Na6 19. Qd1 b5 20. Qh5 b4 21. axb4
axb4 22. Rcc1 b3 23. Rc3 Bb5 24. Rfc1 Bc4 25. Nf4 Re7 26. Bf5 g5 27. Qxh6 gxf4
28. exf4 Rg7 29. Re3 Nb4 30. Be6+ 1-0

[Event "Challenge"]
[Site "http://www.queenalice.com/game.php?id=1454353"]
[Date "2016.12.11"]
[Round "-"]
[White "zugzwangkid"]
[Black "ymfrancois"]
[Result "1-0"]
[WhiteElo "2183"]
[BlackElo "2079"]

1. d4 d5 2. c4 c6 3. Nf3 Nf6 4. Nc3 a6 5. c5 e6 6. Bf4 Nbd7 7. e3 b6 8. b4 bxc5
9. bxc5 Qa5 10. Qd2 Nh5 11. Be2 Nxf4 12. exf4 Nf6 13. Rb1 Be7 14. Ne5 Bd7 15.
Rb7 Bd8 16. O-O Bc7 17. g4 Bc8 18. Nxc6 Ne4 19. Nxa5 Nxd2 20. Rxc7 Nxf1 21. Na4
Nd2 22. Nb6 Rb8 23. Nc6 Rxb6 24. cxb6 Ne4 25. Rxc8+ Kd7 26. Rc7+ Kd6 27. Ne5 Rf8
28. Rd7# 1-0

[Event "Challenge"]
[Site "http://www.queenalice.com/game.php?id=1454355"]
[Date "2016.12.11"]
[Round "-"]
[White "zugzwangkid"]
[Black "dechian"]
[Result "1-0"]
[WhiteElo "1822"]
[BlackElo "2002"]

1. d4 d5 2. c4 e6 3. Nc3 Nf6 4. Bf4 Bb4 5. Nf3 Ne4 6. Qc2 Qf6 7. e3 c5 8. cxd5
cxd4 9. Qxe4 Bxc3+ 10. bxc3 dxc3 11. Be5 Qh6 12. dxe6 Qxe6 13. Ng5 Qf5 14. Bxg7+
1-0

[Event "Challenge"]
[Site "http://www.queenalice.com/game.php?id=1454356"]
[Date "2016.12.11"]
[Round "-"]
[White "zugzwangkid"]
[Black "Delbo"]
[Result "1-0"]
[WhiteElo "2097"]
[BlackElo "2007"]

1. d4 g6 2. c4 Bg7 3. Nc3 Nf6 4. e4 d6 5. Nf3 O-O 6. Be2 Bg4 7. Be3 Nbd7 8. h3
Bxf3 9. Bxf3 e5 10. d5 Ne8 11. h4 f5 12. h5 f4 13. Bd2 g5 14. Qe2 c6 15. h6 Bh8
16. Bg4 cxd5 17. Be6+ Rf7 18. Qh5 Qf6 19. Bxf7+ Qxf7 20. Qxg5+ Kf8 21. Nxd5 Ndf6
22. Qf5 Nxd5 23. Qxf7+ Kxf7 24. cxd5 Nf6 25. f3 Rc8 26. Ke2 Nd7 27. Rac1 Rc5 28.
b4 Rxc1 29. Rxc1 1-0